000 00509nam a2200169 a 4500
005 20140412111330.0
008 030210s19uu xx 00 eng d
020 _a0-7214-2622-0
050 _aTR(GS 370.54
_bRe282 1997
245 _aRead and write first words :
_bwipe-clean sticker book.
260 _aLeicestershire, UK :
_bLadybird Books Ltd,
_c1997.
300 _a1 v. (unp.) ; ill.
440 _aGet ready for reading
650 _aReading, practice
650 _aWriting, practice
999 _c104894
_d104894